[Event "Blitz 2018"]
[Site "Saint-Petersburg"]
[Date "2018.12.29"]
[Round "12"]
[Board "41"]
[White "Tari Aryan (NOR)"]
[Black "Seliverstov Vladimir (RUS)"]
[Result "1/2-1/2"]
[LiveChessVersion "1.4.8"]
[BlackElo "2512"]
[WhiteElo "2608"]

1. e4 {[%clk 0:03:03]} g6 {[%clk 0:03:02]} 2. d4 {[%clk 0:03:03]} Bg7
{[%clk 0:03:04]} 3. Nc3 {[%clk 0:03:04]} d6 {[%clk 0:03:05]} 4. f4
{[%clk 0:03:04]} a6 {[%clk 0:03:06]} 5. Nf3 {[%clk 0:03:05]} b5 {[%clk 0:03:08]}
6. Bd3 {[%clk 0:03:05]} Nd7 {[%clk 0:03:09]} 7. e5 {[%clk 0:03:05]} c5
{[%clk 0:03:10]} 8. Be4 {[%clk 0:02:59]} Rb8 {[%clk 0:03:10]} 9. O-O
{[%clk 0:02:59]} b4 {[%clk 0:02:53]} 10. Ne2 {[%clk 0:02:49]} Qc7
{[%clk 0:02:51]} 11. Be3 {[%clk 0:02:21]} Nh6 {[%clk 0:02:47]} 12. c3
{[%clk 0:02:03]} Bb7 {[%clk 0:02:43]} 13. Bxb7 {[%clk 0:01:55]} Qxb7
{[%clk 0:02:44]} 14. Ng3 {[%clk 0:01:53]} O-O {[%clk 0:02:18]} 15. h3
{[%clk 0:01:54]} cxd4 {[%clk 0:02:12]} 16. cxd4 {[%clk 0:01:55]} Nb6
{[%clk 0:02:09]} 17. Qe2 {[%clk 0:01:48]} Nd5 {[%clk 0:02:06]} 18. Bd2
{[%clk 0:01:47]} e6 {[%clk 0:02:00]} 19. Ne4 {[%clk 0:01:42]} dxe5
{[%clk 0:01:57]} 20. fxe5 {[%clk 0:01:41]} Qb5 {[%clk 0:01:12]} 21. Qf2
{[%clk 0:01:43]} Nf5 {[%clk 0:00:59]} 22. g4 {[%clk 0:01:41]} Nfe7
{[%clk 0:01:00]} 23. Rae1 {[%clk 0:01:31]} Nc6 {[%clk 0:00:54]} 24. Rc1
{[%clk 0:01:18]} Qb6 {[%clk 0:00:52]} 25. Rc5 {[%clk 0:01:15]} Rbc8
{[%clk 0:00:36]} 26. g5 {[%clk 0:01:12]} Rc7 {[%clk 0:00:23]} 27. Rfc1
{[%clk 0:01:13]} Rfc8 {[%clk 0:00:16]} 28. Nd6 {[%clk 0:01:12]} Rd8
{[%clk 0:00:11]} 29. Kh1 {[%clk 0:00:56]} Rdd7 {[%clk 0:00:09]} 30. Ne4
{[%clk 0:00:57]} Nce7 {[%clk 0:00:09]} 31. Nf6+ {[%clk 0:00:55]} Bxf6
{[%clk 0:00:09]} 32. exf6 {[%clk 0:00:56]} Nf5 {[%clk 0:00:11]} 33. Ne5
{[%clk 0:00:57]} Rd8 {[%clk 0:00:09]} 34. Bf4 {[%clk 0:00:29]} Rdc8
{[%clk 0:00:09]} 35. Nd7 {[%clk 0:00:30]} Rxc5 {[%clk 0:00:08]} 36. Rxc5
{[%clk 0:00:32]} Qb7 {[%clk 0:00:08]} 37. Rxc8+ Qxc8 {[%clk 0:00:09]} 38. Nc5
{[%clk 0:00:30]} Qc6 {[%clk 0:00:08]} 39. Kg1 {[%clk 0:00:31]} Qb5
{[%clk 0:00:09]} 40. b3 {[%clk 0:00:27]} a5 {[%clk 0:00:07]} 41. Bd2
{[%clk 0:00:26]} Qb8 {[%clk 0:00:07]} 42. Qf3 {[%clk 0:00:22]} h6
{[%clk 0:00:07]} 43. gxh6 {[%clk 0:00:20]} Nxf6 {[%clk 0:00:08]} 44. Bf4
{[%clk 0:00:17]} Qb5 {[%clk 0:00:07]} 45. Qd3 {[%clk 0:00:16]} Qc6
{[%clk 0:00:07]} 46. Be5 {[%clk 0:00:15]} Nh5 {[%clk 0:00:05]} 47. Qe2
{[%clk 0:00:11]} Kh7 {[%clk 0:00:05]} 48. Qg2 {[%clk 0:00:10]} Qc8
{[%clk 0:00:06]} 49. Qb7 {[%clk 0:00:11]} Qf8 {[%clk 0:00:05]} 50. Ne4
{[%clk 0:00:06]} Nxh6 {[%clk 0:00:05]} 51. Ng5+ {[%clk 0:00:07]} Kg8
{[%clk 0:00:05]} 52. Qc7 {[%clk 0:00:06]} Qa8 {[%clk 0:00:05]} 53. Bd6
{[%clk 0:00:04]} Nf6 {[%clk 0:00:05]} 54. Be5 {[%clk 0:00:05]} Nd5
{[%clk 0:00:05]} 55. Qc1 {[%clk 0:00:06]} Qf8 {[%clk 0:00:04]} 56. Ne4
{[%clk 0:00:08]} Kh7 {[%clk 0:00:05]} 57. Ng5+ {[%clk 0:00:09]} Kg8
{[%clk 0:00:06]} 58. Ne4 {[%clk 0:00:10]} Nf5 {[%clk 0:00:07]} 59. Qc6
{[%clk 0:00:11]} Kh7 {[%clk 0:00:07]} 60. Qd7 {[%clk 0:00:13]} Nh6
{[%clk 0:00:08]} 61. Ng5+ Kg8 62. Ne4 {[%clk 0:00:15]} Qa8 {[%clk 0:00:06]} 63.
Ng5 {[%clk 0:00:15]} Qf8 {[%clk 0:00:05]} 64. Bd6 {[%clk 0:00:17]} Qa8
{[%clk 0:00:04]} 65. Be5 {[%clk 0:00:11]} Ne3 {[%clk 0:00:05]} 66. Kf2
{[%clk 0:00:12]} Nef5 {[%clk 0:00:05]} 67. Nf3 {[%clk 0:00:11]} Qf8
{[%clk 0:00:03]} 68. Ng5 {[%clk 0:00:12]} Qa8 {[%clk 0:00:04]} 69. Nf3
{[%clk 0:00:14]} Qf8 {[%clk 0:00:06]} 70. Ng5 {[%clk 0:00:15]} Qa8
{[%clk 0:00:07]} 71. Nf3 {[%clk 0:00:17]} Ng7 {[%clk 0:00:06]} 72. Ng5
{[%clk 0:00:15]} Ngf5 {[%clk 0:00:06]} 73. Nf3 1/2-1/2

[Event "Blitz 2018"]
[Site "Saint-Petersburg"]
[Date "2018.12.29"]
[Round "12"]
[Board "42"]
[White "Sychev Klementy (RUS)"]
[Black "Belozerov Andrei (RUS)"]
[Result "1-0"]
[LiveChessVersion "1.4.8"]
[BlackElo "2518"]
[WhiteElo "2594"]

1. e4 {[%clk 0:03:03]} c6 {[%clk 0:03:04]} 2. d4 {[%clk 0:03:04]} d5
{[%clk 0:03:05]} 3. Nd2 {[%clk 0:03:06]} dxe4 4. Nxe4 {[%clk 0:03:07]} Bf5
{[%clk 0:03:07]} 5. Ng3 {[%clk 0:03:09]} Bg6 6. c3 e6 {[%clk 0:03:05]} 7. h4
{[%clk 0:03:11]} h6 {[%clk 0:03:06]} 8. N1e2 {[%clk 0:03:12]} Nf6
{[%clk 0:03:00]} 9. Nf4 {[%clk 0:03:13]} Bh7 {[%clk 0:03:01]} 10. Nfh5
{[%clk 0:03:15]} Nbd7 {[%clk 0:02:56]} 11. Bc4 {[%clk 0:03:16]} Nxh5
{[%clk 0:02:36]} 12. Nxh5 {[%clk 0:03:16]} Nf6 {[%clk 0:02:35]} 13. O-O
{[%clk 0:03:16]} Nxh5 {[%clk 0:02:13]} 14. Qxh5 {[%clk 0:03:17]} Bg6
{[%clk 0:02:08]} 15. Qg4 {[%clk 0:03:18]} h5 {[%clk 0:01:29]} 16. Qg3
{[%clk 0:03:19]} Bd6 {[%clk 0:01:29]} 17. Bf4 {[%clk 0:03:20]} Bxf4
{[%clk 0:01:24]} 18. Qxf4 {[%clk 0:03:21]} Qf6 19. Qg3 O-O {[%clk 0:00:58]} 20.
Rae1 {[%clk 0:03:24]} Rad8 {[%clk 0:00:52]} 21. Re5 {[%clk 0:03:25]} Rd7
{[%clk 0:00:51]} 22. Rfe1 {[%clk 0:03:24]} Bf5 {[%clk 0:00:42]} 23. Be2
{[%clk 0:03:18]} g6 {[%clk 0:00:41]} 24. Bxh5 {[%clk 0:03:17]} Kg7
{[%clk 0:00:39]} 25. Bf3 {[%clk 0:03:07]} Rh8 {[%clk 0:00:32]} 26. h5
{[%clk 0:03:08]} Kf8 {[%clk 0:00:27]} 27. Be4 {[%clk 0:02:54]} Rxh5
{[%clk 0:00:23]} 28. Bxf5 {[%clk 0:02:55]} Rxf5 {[%clk 0:00:22]} 29. Rxf5
{[%clk 0:02:55]} Qxf5 {[%clk 0:00:22]} 30. Qb8+ {[%clk 0:02:51]} Kg7
{[%clk 0:00:23]} 31. Qxa7 {[%clk 0:02:52]} Qc2 {[%clk 0:00:22]} 32. Qb6
{[%clk 0:02:51]} Qd2 {[%clk 0:00:19]} 33. Rf1 {[%clk 0:02:51]} Rd5
{[%clk 0:00:11]} 34. Qxb7 {[%clk 0:02:36]} Rh5 {[%clk 0:00:11]} 35. Qxc6
{[%clk 0:02:30]} Qxb2 {[%clk 0:00:11]} 36. a4 {[%clk 0:02:22]} Qd2
{[%clk 0:00:08]} 37. Qf3 {[%clk 0:02:04]} Qa2 {[%clk 0:00:07]} 38. Rc1
{[%clk 0:01:41]} Qxa4 {[%clk 0:00:08]} 39. c4 {[%clk 0:01:42]} Qa5
{[%clk 0:00:06]} 40. c5 {[%clk 0:01:28]} Qd2 {[%clk 0:00:08]} 41. Qe3
{[%clk 0:01:30]} Qb2 {[%clk 0:00:05]} 42. c6 {[%clk 0:01:23]} Qb8
{[%clk 0:00:05]} 43. g3 {[%clk 0:01:01]} Qh8 {[%clk 0:00:06]} 44. Qf3
{[%clk 0:00:51]} Qc8 {[%clk 0:00:05]} 45. c7 {[%clk 0:00:49]} Rd5
{[%clk 0:00:07]} 46. Qc3 {[%clk 0:00:50]} Kg8 {[%clk 0:00:06]} 47. Rb1
{[%clk 0:00:47]} 1-0

[Event "Blitz 2018"]
[Site "Saint-Petersburg"]
[Date "2018.12.29"]
[Round "12"]
[Board "43"]
[White "Oganian Miran (RUS)"]
[Black "Najer Evgeniy (RUS)"]
[Result "1/2-1/2"]
[LiveChessVersion "1.4.8"]
[BlackElo "2573"]
[WhiteElo "2326"]

1. d4 {[%clk 0:03:03]} Nf6 {[%clk 0:03:04]} 2. c4 {[%clk 0:03:04]} e6
{[%clk 0:03:05]} 3. g3 {[%clk 0:03:05]} Bb4+ {[%clk 0:03:05]} 4. Bd2
{[%clk 0:03:06]} c5 {[%clk 0:03:06]} 5. Bxb4 {[%clk 0:03:03]} cxb4
{[%clk 0:03:07]} 6. Bg2 {[%clk 0:03:04]} O-O {[%clk 0:03:07]} 7. Nf3
{[%clk 0:02:58]} d6 {[%clk 0:03:00]} 8. O-O {[%clk 0:02:58]} a5 {[%clk 0:03:01]}
9. a3 {[%clk 0:02:58]} Na6 {[%clk 0:03:01]} 10. axb4 {[%clk 0:02:41]} Nxb4
{[%clk 0:03:02]} 11. Nc3 {[%clk 0:02:42]} b6 {[%clk 0:03:00]} 12. Ne1
{[%clk 0:02:14]} Rb8 {[%clk 0:02:32]} 13. Nd3 {[%clk 0:02:15]} d5
{[%clk 0:02:32]} 14. Ne5 {[%clk 0:01:24]} Bb7 {[%clk 0:02:31]} 15. b3
{[%clk 0:01:21]} Qe7 {[%clk 0:02:31]} 16. e3 {[%clk 0:01:19]} Rfc8
{[%clk 0:02:31]} 17. Qd2 {[%clk 0:01:13]} Nd7 {[%clk 0:02:23]} 18. cxd5
{[%clk 0:00:53]} Nxd5 {[%clk 0:02:02]} 19. Nxd5 {[%clk 0:00:50]} Bxd5
{[%clk 0:02:03]} 20. Bxd5 {[%clk 0:00:48]} exd5 {[%clk 0:02:03]} 21. Nd3
{[%clk 0:00:44]} Nf6 {[%clk 0:02:02]} 22. b4 {[%clk 0:00:27]} Ne4
{[%clk 0:02:03]} 23. Qb2 {[%clk 0:00:29]} Rc3 {[%clk 0:01:35]} 24. Nf4
{[%clk 0:00:27]} Qd6 {[%clk 0:01:36]} 25. f3 {[%clk 0:00:21]} Nxg3
{[%clk 0:00:50]} 26. hxg3 {[%clk 0:00:08]} Rxe3 {[%clk 0:00:51]} 27. Qd2
{[%clk 0:00:05]} Rb3 {[%clk 0:00:48]} 28. bxa5 {[%clk 0:00:06]} bxa5
{[%clk 0:00:49]} 29. Rxa5 {[%clk 0:00:07]} Rb2 {[%clk 0:00:48]} 30. Qe3
{[%clk 0:00:06]} h6 {[%clk 0:00:41]} 31. Rxd5 {[%clk 0:00:05]} Qf6
{[%clk 0:00:39]} 32. Re5 {[%clk 0:00:05]} R8b3 {[%clk 0:00:38]} 33. Qe4
{[%clk 0:00:04]} g6 {[%clk 0:00:39]} 34. Re8+ {[%clk 0:00:05]} Kg7
{[%clk 0:00:39]} 35. Qe5 {[%clk 0:00:06]} Qxe5 {[%clk 0:00:37]} 36. Rxe5
{[%clk 0:00:05]} Rd2 {[%clk 0:00:38]} 37. d5 {[%clk 0:00:04]} Rbb2
{[%clk 0:00:39]} 38. Re7 {[%clk 0:00:03]} g5 {[%clk 0:00:40]} 39. Nh5+
{[%clk 0:00:03]} Kf8 {[%clk 0:00:41]} 40. Rfe1 {[%clk 0:00:04]} Rg2+
{[%clk 0:00:39]} 41. Kh1 {[%clk 0:00:05]} Rh2+ {[%clk 0:00:40]} 42. Kg1
{[%clk 0:00:07]} Rhg2+ {[%clk 0:00:21]} 43. Kh1 {[%clk 0:00:07]} Rh2+ 44. Kg1
Rbg2+ {[%clk 0:00:22]} 1/2-1/2

[Event "Blitz 2018"]
[Site "Saint-Petersburg"]
[Date "2018.12.29"]
[Round "12"]
[Board "44"]
[White "Timofeev Artyom (RUS)"]
[Black "Salgado Lopez Ivan (ESP)"]
[Result "1/2-1/2"]
[LiveChessVersion "1.4.8"]
[BlackElo "2513"]
[WhiteElo "2568"]

1. c4 {[%clk 0:03:03]} c5 {[%clk 0:03:01]} 2. Nf3 {[%clk 0:03:00]} b6
{[%clk 0:03:01]} 3. g3 {[%clk 0:02:59]} Bb7 {[%clk 0:03:02]} 4. Bg2
{[%clk 0:03:00]} g6 {[%clk 0:03:02]} 5. O-O {[%clk 0:02:58]} Bg7 {[%clk 0:03:03]}
6. Nc3 {[%clk 0:02:55]} Nc6 {[%clk 0:03:04]} 7. e3 {[%clk 0:02:50]} Nf6
{[%clk 0:03:01]} 8. d4 {[%clk 0:02:43]} O-O {[%clk 0:02:59]} 9. b3
{[%clk 0:02:32]} cxd4 {[%clk 0:02:57]} 10. Nxd4 {[%clk 0:02:32]} Qc8
{[%clk 0:02:56]} 11. Ba3 {[%clk 0:01:57]} Re8 {[%clk 0:02:49]} 12. Nf3
{[%clk 0:01:49]} d6 {[%clk 0:02:31]} 13. Rc1 {[%clk 0:01:46]} Qd7
{[%clk 0:02:16]} 14. Qe2 {[%clk 0:01:45]} Rac8 {[%clk 0:02:13]} 15. Rfd1
{[%clk 0:01:45]} Qc7 {[%clk 0:02:14]} 16. Bb2 {[%clk 0:01:40]} Qb8
{[%clk 0:02:08]} 17. Nd5 {[%clk 0:01:26]} Nxd5 {[%clk 0:02:09]} 18. cxd5
{[%clk 0:01:23]} Ne5 {[%clk 0:02:09]} 19. Nd4 {[%clk 0:01:20]} Qa8
{[%clk 0:01:36]} 20. e4 {[%clk 0:01:20]} Rxc1 {[%clk 0:01:33]} 21. Rxc1
{[%clk 0:01:21]} Rc8 {[%clk 0:01:34]} 22. Rd1 {[%clk 0:01:07]} a6
{[%clk 0:01:24]} 23. Qd2 {[%clk 0:00:51]} Rc7 {[%clk 0:01:24]} 24. Rc1
{[%clk 0:00:51]} Qc8 {[%clk 0:01:24]} 25. Rxc7 {[%clk 0:00:51]} Qxc7
{[%clk 0:01:25]} 26. h3 {[%clk 0:00:49]} Qc5 {[%clk 0:01:17]} 27. Kh2
{[%clk 0:00:47]} b5 {[%clk 0:01:16]} 28. Bc3 {[%clk 0:00:29]} h5 {[%clk 0:01:17]}
29. Bb2 {[%clk 0:00:27]} 1/2-1/2

[Event "Blitz 2018"]
[Site "Saint-Petersburg"]
[Date "2018.12.29"]
[Round "12"]
[Board "45"]
[White "Pantsulaia Levan (GEO)"]
[Black "Fedoseev Vladimir (RUS)"]
[Result "0-1"]
[LiveChessVersion "1.4.8"]
[BlackElo "2750"]
[WhiteElo "2584"]

1. Nf3 a6 2. g3 {[%clk 0:03:03]} g6 {[%clk 0:03:02]} 3. Bg2 {[%clk 0:03:05]} Bg7
{[%clk 0:03:03]} 4. O-O {[%clk 0:03:05]} d5 {[%clk 0:03:04]} 5. d3
{[%clk 0:03:02]} Nc6 {[%clk 0:03:03]} 6. Nbd2 {[%clk 0:03:01]} e5
{[%clk 0:03:02]} 7. e4 {[%clk 0:03:01]} d4 {[%clk 0:03:03]} 8. Nb3
{[%clk 0:02:58]} Nge7 {[%clk 0:02:52]} 9. c3 {[%clk 0:02:59]} O-O
{[%clk 0:02:46]} 10. cxd4 {[%clk 0:02:59]} exd4 {[%clk 0:02:47]} 11. Bf4
{[%clk 0:02:58]} h6 {[%clk 0:02:35]} 12. h4 {[%clk 0:02:59]} Bg4 {[%clk 0:02:31]}
13. Qd2 {[%clk 0:02:57]} Kh7 {[%clk 0:02:30]} 14. Nh2 {[%clk 0:02:55]} Bc8
{[%clk 0:02:29]} 15. Rac1 {[%clk 0:02:56]} f6 {[%clk 0:02:20]} 16. g4
{[%clk 0:02:56]} Ne5 {[%clk 0:02:11]} 17. Bg3 {[%clk 0:02:56]} b6
{[%clk 0:02:09]} 18. Na1 {[%clk 0:01:36]} c5 {[%clk 0:02:03]} 19. f3
{[%clk 0:01:20]} a5 {[%clk 0:02:03]} 20. Nc2 {[%clk 0:01:18]} Ba6
{[%clk 0:01:36]} 21. Ne1 {[%clk 0:01:19]} c4 {[%clk 0:01:22]} 22. Bxe5
{[%clk 0:01:19]} fxe5 {[%clk 0:01:23]} 23. dxc4 {[%clk 0:01:19]} Nc6
{[%clk 0:01:19]} 24. g5 {[%clk 0:01:15]} Rf4 {[%clk 0:00:59]} 25. Ng4
{[%clk 0:00:51]} h5 {[%clk 0:01:00]} 26. Nd3 {[%clk 0:00:44]} hxg4
{[%clk 0:00:56]} 27. Nxf4 {[%clk 0:00:45]} exf4 {[%clk 0:00:56]} 28. fxg4
{[%clk 0:00:39]} Ne5 {[%clk 0:00:56]} 29. Rxf4 {[%clk 0:00:38]} Bxc4
{[%clk 0:00:43]} 30. h5 {[%clk 0:00:36]} Qxg5 {[%clk 0:00:42]} 31. b3
{[%clk 0:00:15]} Bh6 {[%clk 0:00:35]} 32. Rxc4 {[%clk 0:00:08]} Qxf4
{[%clk 0:00:35]} 33. Rc7+ {[%clk 0:00:09]} Kh8 {[%clk 0:00:34]} 34. Qxd4
{[%clk 0:00:07]} Qe3+ {[%clk 0:00:22]} 35. Qxe3 {[%clk 0:00:08]} Bxe3+
{[%clk 0:00:23]} 36. Kh2 {[%clk 0:00:05]} gxh5 {[%clk 0:00:12]} 37. gxh5
{[%clk 0:00:06]} Rg8 {[%clk 0:00:12]} 38. Kh3 {[%clk 0:00:04]} Bf4
{[%clk 0:00:12]} 39. Bf1 {[%clk 0:00:05]} Rg3+ {[%clk 0:00:12]} 0-1

[Event "Blitz 2018"]
[Site "Saint-Petersburg"]
[Date "2018.12.29"]
[Round "12"]
[Board "47"]
[White "Gasanov Eldar (UKR)"]
[Black "Ponkratov Pavel (RUS)"]
[Result "0-1"]
[LiveChessVersion "1.4.8"]
[BlackElo "2688"]
[WhiteElo "2581"]

1. d4 {[%clk 0:03:01]} e6 {[%clk 0:03:03]} 2. c4 {[%clk 0:02:57]} c5
{[%clk 0:03:04]} 3. d5 {[%clk 0:02:56]} exd5 {[%clk 0:03:04]} 4. cxd5
{[%clk 0:02:57]} g6 {[%clk 0:03:05]} 5. e4 {[%clk 0:02:54]} d6 {[%clk 0:03:06]}
6. Bd3 {[%clk 0:02:47]} a6 {[%clk 0:03:06]} 7. a4 {[%clk 0:02:45]} Bg7
{[%clk 0:03:07]} 8. Nf3 {[%clk 0:02:40]} Nh6 {[%clk 0:03:07]} 9. Nc3
{[%clk 0:02:26]} O-O {[%clk 0:03:04]} 10. O-O {[%clk 0:02:20]} f5
{[%clk 0:03:04]} 11. Ng5 {[%clk 0:01:53]} f4 {[%clk 0:02:29]} 12. Ne6
{[%clk 0:01:50]} Qh4 {[%clk 0:02:29]} 13. Bxf4 {[%clk 0:01:26]} Rxf4
{[%clk 0:02:21]} 14. g3 {[%clk 0:01:25]} Rg4 {[%clk 0:02:22]} 15. Be2
{[%clk 0:00:31]} Qh3 {[%clk 0:02:21]} 16. Bf3 {[%clk 0:00:17]} Nd7
{[%clk 0:02:04]} 17. Bg2 {[%clk 0:00:16]} Qh5 {[%clk 0:02:05]} 18. h3
{[%clk 0:00:14]} Rg5 {[%clk 0:02:05]} 19. Nxg5 {[%clk 0:00:12]} Qxg5
{[%clk 0:02:06]} 20. Kh2 {[%clk 0:00:10]} Qe7 {[%clk 0:01:59]} 21. f4
{[%clk 0:00:10]} Nf7 {[%clk 0:01:59]} 22. Qd3 {[%clk 0:00:09]} g5
{[%clk 0:01:58]} 23. Rae1 {[%clk 0:00:10]} gxf4 {[%clk 0:01:57]} 24. gxf4
{[%clk 0:00:11]} Nf6 {[%clk 0:01:57]} 25. Ne2 {[%clk 0:00:12]} Nh5
{[%clk 0:01:56]} 26. Qf3 {[%clk 0:00:12]} Qh4 {[%clk 0:01:55]} 27. Ng3
{[%clk 0:00:11]} Nxg3 {[%clk 0:01:54]} 28. Qxg3 {[%clk 0:00:12]} Qxg3+
{[%clk 0:01:54]} 29. Kxg3 {[%clk 0:00:12]} Bxb2 {[%clk 0:01:55]} 30. Rb1
{[%clk 0:00:11]} Bd4 {[%clk 0:01:55]} 31. Bf3 {[%clk 0:00:11]} Rb8
{[%clk 0:01:42]} 32. Be2 {[%clk 0:00:11]} b6 {[%clk 0:01:36]} 33. Rf3
{[%clk 0:00:09]} Bd7 {[%clk 0:01:37]} 34. Bxa6 Bxa4 {[%clk 0:01:36]} 35. Ra3
{[%clk 0:00:08]} Bc2 {[%clk 0:01:35]} 36. Re1 {[%clk 0:00:08]} b5
{[%clk 0:01:35]} 37. Ra5 {[%clk 0:00:08]} Bc3 {[%clk 0:01:35]} 0-1

[Event "Blitz 2018"]
[Site "Saint-Petersburg"]
[Date "2018.12.29"]
[Round "12"]
[Board "48"]
[White "Saric Ivan (CRO)"]
[Black "Ragger Markus (AUT)"]
[Result "1/2-1/2"]
[LiveChessVersion "1.4.8"]
[BlackElo "2677"]
[WhiteElo "2572"]

1. e4 {[%clk 0:03:03]} e5 {[%clk 0:03:04]} 2. Nf3 {[%clk 0:03:04]} Nc6
{[%clk 0:03:05]} 3. Bb5 {[%clk 0:03:05]} a6 {[%clk 0:03:07]} 4. Ba4
{[%clk 0:03:07]} Nf6 {[%clk 0:03:08]} 5. O-O {[%clk 0:03:08]} Nxe4
{[%clk 0:03:09]} 6. d4 {[%clk 0:03:09]} Be7 {[%clk 0:03:10]} 7. Re1
{[%clk 0:03:05]} b5 {[%clk 0:03:11]} 8. Rxe4 {[%clk 0:03:01]} d5 {[%clk 0:03:12]}
9. Nxe5 {[%clk 0:03:01]} Nxe5 {[%clk 0:03:11]} 10. Rxe5 {[%clk 0:03:02]} bxa4
{[%clk 0:03:12]} 11. Qe2 {[%clk 0:03:02]} c6 {[%clk 0:03:11]} 12. Nc3
{[%clk 0:03:00]} Ra7 {[%clk 0:03:09]} 13. Nxa4 {[%clk 0:02:53]} O-O
{[%clk 0:03:08]} 14. Bd2 {[%clk 0:02:49]} Bd6 {[%clk 0:03:00]} 15. f4
{[%clk 0:02:19]} Bxe5 {[%clk 0:02:44]} 16. fxe5 {[%clk 0:02:20]} Bf5
{[%clk 0:02:36]} 17. Bb4 {[%clk 0:02:07]} Re8 {[%clk 0:02:36]} 18. Qf2
{[%clk 0:02:07]} Bg6 {[%clk 0:02:28]} 19. Bd6 {[%clk 0:02:07]} f6
{[%clk 0:02:13]} 20. Nc5 {[%clk 0:02:03]} fxe5 {[%clk 0:02:08]} 21. dxe5
{[%clk 0:01:59]} Rf7 {[%clk 0:02:08]} 22. Qd2 {[%clk 0:01:58]} Qb6
{[%clk 0:01:49]} 23. b4 {[%clk 0:01:59]} Qb5 {[%clk 0:01:35]} 24. h3
{[%clk 0:01:59]} Qc4 {[%clk 0:01:32]} 25. c3 {[%clk 0:01:59]} h6 {[%clk 0:01:24]}
26. a4 {[%clk 0:01:54]} Kh7 {[%clk 0:01:24]} 27. Re1 {[%clk 0:01:52]} Qh4
{[%clk 0:01:16]} 28. e6 {[%clk 0:01:48]} Rf5 {[%clk 0:01:11]} 29. Qe3
{[%clk 0:01:22]} Rg5 {[%clk 0:00:49]} 30. Kh2 {[%clk 0:01:16]} Qc4
{[%clk 0:00:48]} 31. e7 {[%clk 0:00:57]} d4 {[%clk 0:00:36]} 32. Qxd4
{[%clk 0:00:44]} Qxd4 {[%clk 0:00:22]} 33. cxd4 {[%clk 0:00:45]} Rd5
{[%clk 0:00:24]} 34. Bg3 {[%clk 0:00:28]} Rxd4 {[%clk 0:00:19]} 35. Ne6
{[%clk 0:00:29]} Re4 {[%clk 0:00:20]} 36. Nf8+ {[%clk 0:00:28]} Kg8
{[%clk 0:00:20]} 37. Nxg6 {[%clk 0:00:29]} Rxe1 {[%clk 0:00:21]} 38. Bxe1
{[%clk 0:00:30]} Kf7 {[%clk 0:00:22]} 39. Ne5+ {[%clk 0:00:30]} Kxe7
{[%clk 0:00:24]} 40. Bf2 {[%clk 0:00:27]} Kd6 {[%clk 0:00:23]} 41. Nd3
{[%clk 0:00:26]} Kd5 {[%clk 0:00:20]} 42. Nc5 {[%clk 0:00:21]} Ra8
{[%clk 0:00:21]} 43. a5 {[%clk 0:00:20]} Kc4 {[%clk 0:00:21]} 44. Be1
{[%clk 0:00:21]} Kb5 {[%clk 0:00:23]} 45. h4 {[%clk 0:00:19]} Re8
{[%clk 0:00:23]} 46. Bc3 {[%clk 0:00:20]} g5 {[%clk 0:00:22]} 47. h5
{[%clk 0:00:21]} g4 {[%clk 0:00:22]} 48. Bd2 {[%clk 0:00:22]} Re5
{[%clk 0:00:22]} 49. Kg3 {[%clk 0:00:19]} Rxh5 {[%clk 0:00:23]} 50. Kxg4
{[%clk 0:00:20]} Rd5 {[%clk 0:00:22]} 51. Ne4 {[%clk 0:00:21]} Rd4
{[%clk 0:00:15]} 52. Kf5 {[%clk 0:00:21]} h5 {[%clk 0:00:16]} 53. g3
{[%clk 0:00:20]} Rd3 {[%clk 0:00:15]} 54. Kg5 {[%clk 0:00:14]} Rd4
{[%clk 0:00:16]} 55. Kf5 {[%clk 0:00:13]} Rd3 {[%clk 0:00:17]} 56. Kf4
{[%clk 0:00:14]} Kc4 {[%clk 0:00:10]} 57. Be1 {[%clk 0:00:14]} Kb5
{[%clk 0:00:10]} 58. Ke5 {[%clk 0:00:09]} Rd5+ {[%clk 0:00:11]} 59. Ke6
{[%clk 0:00:10]} Rd3 {[%clk 0:00:12]} 60. Nd6+ {[%clk 0:00:08]} Ka4
{[%clk 0:00:12]} 61. Kd7 {[%clk 0:00:09]} Re3 {[%clk 0:00:13]} 62. Bf2
{[%clk 0:00:08]} Rf3 {[%clk 0:00:13]} 63. Be1 {[%clk 0:00:07]} Re3
{[%clk 0:00:14]} 64. Bf2 {[%clk 0:00:07]} Rf3 {[%clk 0:00:15]} 65. Be1
{[%clk 0:00:04]} 1/2-1/2

[Event "Blitz 2018"]
[Site "Saint-Petersburg"]
[Date "2018.12.29"]
[Round "12"]
[Board "49"]
[White "Jumabayev Rinat (KAZ)"]
[Black "Khismatullin Denis (RUS)"]
[Result "1/2-1/2"]
[LiveChessVersion "1.4.8"]
[BlackElo "2674"]
[WhiteElo "2554"]

1. d4 {[%clk 0:03:04]} Nf6 {[%clk 0:03:02]} 2. Bf4 {[%clk 0:03:05]} d5
{[%clk 0:02:58]} 3. e3 {[%clk 0:03:04]} e6 {[%clk 0:02:51]} 4. Nd2
{[%clk 0:03:01]} Bd6 {[%clk 0:02:42]} 5. Bg3 {[%clk 0:03:02]} b6 {[%clk 0:02:38]}
6. c3 {[%clk 0:03:01]} Bb7 {[%clk 0:02:38]} 7. Bd3 {[%clk 0:02:57]} c5
{[%clk 0:02:24]} 8. Ngf3 {[%clk 0:02:31]} Nc6 {[%clk 0:02:25]} 9. Qe2
{[%clk 0:02:14]} Bxg3 {[%clk 0:01:19]} 10. hxg3 {[%clk 0:02:15]} Qc7
{[%clk 0:01:20]} 11. dxc5 {[%clk 0:02:06]} bxc5 {[%clk 0:01:20]} 12. e4
{[%clk 0:02:07]} O-O-O {[%clk 0:01:16]} 13. O-O {[%clk 0:01:59]} Kb8
{[%clk 0:01:00]} 14. Rfe1 {[%clk 0:01:37]} h5 {[%clk 0:00:46]} 15. exd5
{[%clk 0:01:09]} exd5 {[%clk 0:00:39]} 16. Ba6 {[%clk 0:01:10]} Rhe8
{[%clk 0:00:29]} 17. Qf1 {[%clk 0:00:58]} Ne4 {[%clk 0:00:26]} 18. Bxb7
{[%clk 0:00:56]} Qxb7 {[%clk 0:00:22]} 19. Rad1 {[%clk 0:00:50]} f5
{[%clk 0:00:20]} 20. Nh4 {[%clk 0:00:32]} Ne7 {[%clk 0:00:08]} 21. Qd3
{[%clk 0:00:26]} a6 {[%clk 0:00:06]} 22. Qc2 {[%clk 0:00:22]} g5 {[%clk 0:00:06]}
23. Nhf3 {[%clk 0:00:23]} g4 {[%clk 0:00:06]} 24. Nh4 {[%clk 0:00:24]} Rf8
{[%clk 0:00:04]} 25. c4 {[%clk 0:00:23]} f4 {[%clk 0:00:04]} 26. Nxe4
{[%clk 0:00:22]} dxe4 {[%clk 0:00:05]} 27. Rxd8+ {[%clk 0:00:21]} Rxd8 28. gxf4
{[%clk 0:00:20]} Rd4 {[%clk 0:00:06]} 29. g3 {[%clk 0:00:17]} Qb4
{[%clk 0:00:07]} 30. Rxe4 {[%clk 0:00:17]} Rd2 {[%clk 0:00:06]} 31. Qb3
{[%clk 0:00:07]} Nc6 {[%clk 0:00:06]} 32. f5 {[%clk 0:00:05]} Qxb3
{[%clk 0:00:05]} 33. axb3 {[%clk 0:00:06]} Rd7 {[%clk 0:00:05]} 34. Kg2
{[%clk 0:00:05]} Kc7 {[%clk 0:00:05]} 35. Ng6 {[%clk 0:00:06]} Rf7
{[%clk 0:00:05]} 36. Nh4 {[%clk 0:00:06]} Nd4 {[%clk 0:00:05]} 37. b4
{[%clk 0:00:07]} Kd6 {[%clk 0:00:05]} 38. bxc5+ {[%clk 0:00:08]} Kxc5
{[%clk 0:00:06]} 39. f3 {[%clk 0:00:05]} gxf3+ {[%clk 0:00:06]} 40. Nxf3
{[%clk 0:00:05]} Nxf5 {[%clk 0:00:05]} 41. Rf4 {[%clk 0:00:05]} Ne3+
{[%clk 0:00:05]} 42. Kh3 {[%clk 0:00:06]} Rxf4 {[%clk 0:00:05]} 43. gxf4
{[%clk 0:00:07]} Nxc4 {[%clk 0:00:06]} 44. b3 {[%clk 0:00:08]} Na5
{[%clk 0:00:07]} 45. Nd2 {[%clk 0:00:08]} Kd5 {[%clk 0:00:06]} 46. Kh4
{[%clk 0:00:09]} Ke6 {[%clk 0:00:07]} 47. Kg5 {[%clk 0:00:09]} h4
{[%clk 0:00:07]} 48. f5+ {[%clk 0:00:11]} Kf7 {[%clk 0:00:08]} 49. Kxh4
{[%clk 0:00:12]} Kf6 {[%clk 0:00:08]} 50. Kg4 {[%clk 0:00:13]} Nc6
{[%clk 0:00:10]} 51. Ne4+ {[%clk 0:00:14]} Ke5 {[%clk 0:00:11]} 52. Nc5
{[%clk 0:00:15]} Ne7 {[%clk 0:00:10]} 53. Nd7+ {[%clk 0:00:09]} Kd6
{[%clk 0:00:11]} 54. Nf8 {[%clk 0:00:09]} Nc6 {[%clk 0:00:08]} 55. Ne6
{[%clk 0:00:07]} Na5 {[%clk 0:00:07]} 56. Nd4 {[%clk 0:00:06]} Ke5
{[%clk 0:00:07]} 57. b4 {[%clk 0:00:08]} Nc4 {[%clk 0:00:08]} 58. Nc6+
{[%clk 0:00:08]} Ne3+ {[%clk 0:00:07]} 1/2-1/2